Statistics for Old School Roller Derby

Click here to take the quiz!

General Stats

  • This quiz has been taken 20 times
  • The average score is 5 of 15

Answer Stats

HintAnswer% Correct
Number of skaters per team5
86%
Scoring periodjam
86%
These could only defend against scoringblocker
79%
These were the primary scorersjammer
79%
These could either defend or scorepivot
71%
Number of periods in a standard match8
36%
Movie combining roller derby and motorcyclesRollerball
21%
Length of the above60 seconds
7%
Multi-colored hair bad galAnn Cavello
7%
Perennial good guys from the Bay areaBombers
7%
Roller Derby's "Babe Ruth"Charlie O'Connell
7%
They called him "Dynamite Mike"Gammon
7%
Derby's golden girlJoan Weston
7%
Original promoter and founderLeo Seltzer
7%
Bad boy who was the son of a boxing champRonnie Robinson
7%

Score Distribution

Percentile by Number Answered

Percent of People with Each Score

Your Score History

You have not taken this quiz